Central Library OPAC University of Rajshahi

খেলা ঘর = PLAY HOUSE : (Record no. 36732)

MARC details
000 -LEADER
fixed length control field 00859nam a2200229 a 4500
001 - CONTROL NUMBER
control field 36732
003 - CONTROL NUMBER IDENTIFIER
rucl marc code BD-RjUL
005 - DATE AND TIME OF LATEST TRANSACTION
control field 20211209052530.0
008 - FIXED-LENGTH DATA ELEMENTS--GENERAL INFORMATION
fixed length control field 160807s1982 bg |||| |||| 000 0 ben d
020 ## - INTERNATIONAL STANDARD BOOK NUMBER
Terms of availability Tk.16.00
035 ## - SYSTEM CONTROL NUMBER
System control number (BD-RjUL)36834
040 ## - CATALOGING SOURCE
Original cataloging agency BD-RjUL
Language of cataloging ben
Transcribing agency BD-RjUL
041 ## - LANGUAGE CODE
Language code of text/sound track or separate title ben
082 ## - DEWEY DECIMAL CLASSIFICATION NUMBER
Edition number 23
Classification number 327
Author mark and year UDK 1982
100 ## - MAIN ENTRY--PERSONAL NAME
Personal name উদ্ দীন, কাজীম
9 (RLIN) 112043
245 10 - TITLE STATEMENT
Title খেলা ঘর = PLAY HOUSE :
Remainder of title (বিশ্ব পরিস্থিতি) /
Statement of responsibility, etc. কাজীম উদ্ দীন
260 ## - PUBLICATION, DISTRIBUTION, ETC. (IMPRINT)
Place of publication, distribution, etc. দিনাজপুর :
Name of publisher, distributor, etc. মোশাররফ হোসেন ভুইয়া,
Date of publication, distribution, etc. ১৯৮২.
300 ## - PHYSICAL DESCRIPTION
Pagination [৮] ১৬৬ পৃ. ;
Size ১৮ সেমি.
650 ## - SUBJECT ADDED ENTRY--TOPICAL TERM
Topical term or geographic name as entry element আন্তর্জাতিক সম্পর্ক
9 (RLIN) 112044
Topical term or geographic name as entry element International Relations
9 (RLIN) 112045
942 ## - ADDED ENTRY ELEMENTS (KOHA)
Source of classification or shelving scheme Dewey Decimal Classification
Koha item type Books
Holdings
Lost status Source of classification or shelving scheme Damaged status Not for loan Collection code Permanent Location Current Location Shelving location Date acquired Source of acquisition Cost, normal purchase price Total Checkouts Full call number Date last seen Copy number Koha item type
  Dewey Decimal Classification   Not For Loan Non-fiction Central Library, University of Rajshahi Central Library, University of Rajshahi Reading Room 12/04/1983 Author, Dhaka 16.00   B 327 UDK 1982 25/08/2014 C-1 Books
  Dewey Decimal Classification     Non-fiction Central Library, University of Rajshahi Central Library, University of Rajshahi   12/04/1983 Author, Dhaka 16.00   B 327 UDK 1982 07/08/2016 C-2 Books
  Dewey Decimal Classification     Non-fiction Central Library, University of Rajshahi Central Library, University of Rajshahi   12/04/1983 Library 16.00   B 327 UDK 1982 11/12/2016 C-3 Books